[Event "Bayern-ch Seniors 23rd"]
[Site "Bergen"]
[Date "2011.06.03"]
[Round "7"]
[White "Weigel, Herbert"]
[Black "Krieger, Hermann"]
[Result "0-1"]
[WhiteElo "1925"]
[BlackElo "2091"]
[PlyCount "114"]
[EventDate "2011.05.28"]
[EventType "swiss"]
[EventRounds "9"]
[EventCountry "GER"]
[SourceTitle "EXT 2012"]
[Source "ChessBase"]
[SourceDate "2011.11.24"]
[SourceVersion "1"]
[SourceVersionDate "2011.11.24"]
[SourceQuality "1"]

1. d4 f5 2. g3 g6 3. b3 Bg7 4. Bb2 d6 5. Bg2 Nc6 6. c4 Nf6 7. Nf3 Ne4 8. Nc3 Nxc3 9. Bxc3 0-0 10. e3 e5 11. d5 Ne7 12. Qd2 h6 13. 0-0 g5 14. Ne1 Ng6 15. f4 Qe7 16. Nd3 gxf4 17. exf4 e4 18. Bxg7 Kxg7 19. Nb4 h5 20. Rfe1 Qf6 21. Rad1 Bd7 22. Nc2 b6 23. Qd4 Rae8 24. Qxf6+ Kxf6 25. Nd4 a6 26. Rc1 Ne7 27. Red1 Rc8 28. b4 c5 29. bxc5 bxc5 30. Ne2 Rb8 31. Rb1 Rb4 32. Rxb4 cxb4 33. Nd4 Rc8 34. Bf1 h4 35. Rb1 a5 36. a3 Rb8 37. axb4 Rxb4 38. Rxb4 axb4 39. Kf2 hxg3+ 40. hxg3 Ba4 41. Ke3 b3 42. Ne2 b2 43. Nc3 Bc2 44. Be2 b1Q 45. Nxb1 Bxb1 46. Bd1 Bd3 47. Kd4 Ng8 48. g4 fxg4 49. Bxg4 Nh6 50. Bh3 Nf5+ 51. Kc3 Be2 52. Kb4 e3 53. c5 dxc5+ 54. Kxc5 Bf3 55. Bf1 Ng3 56. Bd3 Be4 57. Kd4 Bxd3 0-1

[Event "Mittelfranken-chTB2a 1011"]
[Site "Germany"]
[Date "2011.02.13"]
[Round "6.7"]
[White "Koerber, Christian"]
[Black "Weigel, Herbert"]
[Result "0-1"]
[WhiteElo "1630"]
[BlackElo "1926"]
[PlyCount "44"]
[EventDate "2010.09.26"]
[EventType "team-tourn"]
[EventRounds "9"]
[EventCountry "GER"]
[SourceTitle "EXT 2012"]
[Source "ChessBase"]
[SourceDate "2011.11.24"]
[SourceVersion "1"]
[SourceVersionDate "2011.11.24"]
[SourceQuality "1"]
[WhiteTeam "Fuerth II"]
[BlackTeam "Zirndorf II"]
[WhiteTeamCountry "GER"]
[BlackTeamCountry "GER"]

1. Nf3 d5 2. d4 c5 3. e3 Nc6 4. b3 Bg4 5. Be2 cxd4 6. Nxd4 Bxe2 7. Qxe2 e5 8. Nxc6 bxc6 9. 0-0 Nf6 10. Bb2 Bd6 11. c4 0-0 12. Rd1 Re8 13. cxd5 cxd5 14. Qf3 Rc8 15. Nc3 e4 16. Qf5 Re5 17. Qxc8 Qxc8 18. Nb5 Re6 19. Bxf6 gxf6 20. Rxd5 Be5 21. Rad1 Qb7 22. Nd4 Qxd5 0-1

[Event "Mittelfranken-chTB2a 0910"]
[Site "Mittelfranken"]
[Date "2010.01.10"]
[Round "5.8"]
[White "Weigel, Herbert"]
[Black "Hegele, Juergen"]
[Result "1-0"]
[WhiteElo "1941"]
[BlackElo "1714"]
[PlyCount "39"]
[EventDate "2009.10.11"]
[EventType "team-tourn"]
[EventRounds "9"]
[EventCountry "GER"]
[SourceTitle "EXT 2011"]
[Source "ChessBase"]
[SourceDate "2010.11.26"]
[SourceVersion "1"]
[SourceVersionDate "2010.11.26"]
[SourceQuality "1"]
[WhiteTeam "Zirndorf II"]
[BlackTeam "Nuernberg NT V"]
[WhiteTeamCountry "GER"]
[BlackTeamCountry "GER"]

1. e4 c5 2. Nf3 d6 3. d4 cxd4 4. Nxd4 Nf6 5. Nc3 a6 6. Bc4 e6 7. Qe2 Be7 8. Be3 0-0 9. 0-0-0 Nc6 10. Rhg1 Nxd4 11. Bxd4 b5 12. Bb3 b4 13. Na4 Rb8 14. e5 Ne8 15. exd6 Bxd6 16. Be5 Qe7 17. Rxd6 Nxd6 18. Rd1 Rd8 19. Qd3 Nb7 20. Qg3 1-0

[Event "Oberfranken-ch Seniors"]
[Site "Bischofsgruen"]
[Date "2009.06.07"]
[Round "3"]
[White "Jeske, Eckhard"]
[Black "Weigel, Herbert"]
[Result "1-0"]
[WhiteElo "2244"]
[BlackElo "2158"]
[PlyCount "89"]
[EventDate "2009.06.05"]
[EventType "swiss"]
[EventRounds "9"]
[EventCountry "GER"]
[SourceTitle "EXT 2012"]
[Source "ChessBase"]
[SourceDate "2011.11.24"]
[SourceVersion "1"]
[SourceVersionDate "2011.11.24"]
[SourceQuality "1"]

1. c4 e5 2. Nc3 d6 3. g3 Nc6 4. Bg2 f5 5. e3 Nf6 6. Nge2 g6 7. d4 e4 8. 0-0 Bg7 9. b4 0-0 10. Qb3 h6 11. a4 Kh7 12. a5 Ne7 13. f3 exf3 14. Bxf3 c6 15. d5 cxd5 16. cxd5 Nd7 17. Bg2 a6 18. Nd4 Bxd4 19. exd4 b5 20. Ne2 g5 21. Qd3 Nf6 22. Bd2 Kg7 23. Rae1 Bb7 24. h4 Nh7 25. Nc3 Qd7 26. hxg5 hxg5 27. Qe2 Ng8 28. Qd3 Ne7 29. Re2 Rf7 30. Rfe1 Raf8 31. Bf3 g4 32. Bg2 Ng6 33. Re6 Rf6 34. Ne2 Bc8 35. Nf4 Nxf4 36. Bxf4 Qd8 37. R6e2 R8f7 38. Kf2 Rg6 39. Re8 Qd7 40. Qe3 Nf6 41. Re6 Nh5 42. Bxd6 Qd8 43. Qe5+ Nf6 44. Be7 Qd7 45. Rc1 1-0

[Event "Bayern-ch Seniors 20th"]
[Site "Bergen"]
[Date "2008.06.12"]
[Round "6.9"]
[White "Klein, Leo"]
[Black "Weigel, Herbert"]
[Result "1/2-1/2"]
[WhiteElo "1899"]
[BlackElo "1971"]
[PlyCount "103"]
[EventDate "2008.06.07"]
[EventType "swiss"]
[EventRounds "9"]
[EventCountry "GER"]
[SourceTitle "EXT 2022"]
[Source "ChessBase"]
[SourceDate "2021.10.06"]
[SourceVersion "1"]
[SourceVersionDate "2021.10.06"]
[SourceQuality "1"]

1. d4 Nf6 2. Nf3 e6 3. Bf4 c5 4. e3 Nc6 5. c3 d5 6. Nbd2 Bd6 7. Bg3 0-0 8. Bd3 Qe7 9. 0-0 e5 10. dxc5 Bxc5 11. e4 dxe4 12. Nxe4 Nxe4 13. Bxe4 f6 14. Qc2 g6 15. b4 Bb6 16. a4 a5 17. bxa5 Bxa5 18. Bd5+ Kg7 19. Rfe1 Qc5 20. Bxc6 Qxc6 21. Re3 Be6 22. h4 Bb6 23. Re2 Bd5 24. Rb1 Bc7 25. Nxe5 Bxe5 26. Bxe5 fxe5 27. Rxe5 Rfe8 28. Qe2 Bf7 29. h5 Qxc3 30. Re7 Rxe7 31. Qxe7 gxh5 32. Qg5+ Kf8 33. Qh6+ Qg7 34. Qd6+ Kg8 35. Rxb7 Qg6 36. Rb8+ Rxb8 37. Qxb8+ Kg7 38. a5 Qe6 39. Qg3+ Kf8 40. Qb8+ Be8 41. Qf4+ Ke7 42. Qb4+ Qd6 43. Qe4+ Kd7 44. Qxh7+ Kc8 45. Qc2+ Kb8 46. Qb1+ Ka8 47. Qb6 Bc6 48. f3 h4 49. a6 Qe6 50. Qd8+ Ka7 51. Qxh4 Kxa6 52. Qf2 1/2-1/2

[Event "Bayern-ch Seniors 20th"]
[Site "Bergen"]
[Date "2008.06.09"]
[Round "3.11"]
[White "Weigel, Herbert"]
[Black "Bilyavskyy, Borys"]
[Result "1-0"]
[WhiteElo "1971"]
[BlackElo "1820"]
[PlyCount "109"]
[EventDate "2008.06.07"]
[EventType "swiss"]
[EventRounds "9"]
[EventCountry "GER"]
[SourceTitle "EXT 2022"]
[Source "ChessBase"]
[SourceDate "2021.10.06"]
[SourceVersion "1"]
[SourceVersionDate "2021.10.06"]
[SourceQuality "1"]

1. e4 c5 2. Nf3 e6 3. d4 cxd4 4. Nxd4 a6 5. Nc3 Qc7 6. Bd3 b5 7. 0-0 Bb7 8. Re1 d6 9. a4 b4 10. Nce2 Nf6 11. Ng3 Nbd7 12. Bd2 d5 13. c3 Nc5 14. Bc2 Ncxe4 15. Nxe4 dxe4 16. cxb4 Bd6 17. h3 0-0 18. Bc3 Rfd8 19. Qe2 Bd5 20. g3 Qb7 21. b5 Rdc8 22. bxa6 Rxa6 23. Nb5 Be7 24. Rab1 Bc6 25. Bxf6 gxf6 26. Bxe4 Rxa4 27. Bxc6 Rxc6 28. Nc3 Rb4 29. Qc2 f5 30. Re2 Bf6 31. Rd1 Qc7 32. Rd3 Qb7 33. Kh2 Rbc4 34. Qd2 Rc8 35. Qh6 Bg7 36. Qg5 R4c7 37. Red2 Rf8 38. h4 f6 39. Qe3 Qb4 40. Qxe6+ Kh8 41. Qxf5 Qb7 42. h5 Qc8 43. Qf4 Rc4 44. Rd4 Rxd4 45. Rxd4 Qe8 46. Rd5 h6 47. Qf3 Qe6 48. Ne2 f5 49. Nf4 Qb6 50. Ng6+ Kg8 51. Nxf8 Bxf8 52. Rxf5 Bg7 53. b3 Qe6 54. Qd5 Qxd5 55. Rxd5 1-0

[Event "Bad Woerishofen Seniors op 24th"]
[Site "Bad Woerishofen"]
[Date "2008.03.04"]
[Round "6"]
[White "Weigel, Herbert"]
[Black "Zunker, Reinhard"]
[Result "1/2-1/2"]
[WhiteElo "2135"]
[BlackElo "2251"]
[PlyCount "36"]
[EventDate "2008.02.28"]
[EventType "swiss"]
[EventRounds "9"]
[EventCountry "GER"]
[SourceTitle "EXT 2019"]
[Source "ChessBase"]
[SourceDate "2018.10.10"]
[SourceVersion "1"]
[SourceVersionDate "2018.10.10"]
[SourceQuality "1"]

1. e4 c5 2. Nf3 d6 3. d4 Nf6 4. Nc3 cxd4 5. Nxd4 e5 6. Nb3 Be6 7. Bg5 Be7 8. Qd2 a6 9. 0-0-0 Nbd7 10. g3 b5 11. Bxf6 Nxf6 12. Bg2 Qb6 13. f4 b4 14. Nd5 Bxd5 15. exd5 Nd7 16. fxe5 Nxe5 17. Nd4 Bf6 18. Rhf1 h6 1/2-1/2

[Event "Bad Woerishofen Seniors op 24th"]
[Site "Bad Woerishofen"]
[Date "2008.03.03"]
[Round "5"]
[White "Straub, Peter"]
[Black "Weigel, Herbert"]
[Result "1/2-1/2"]
[WhiteElo "2137"]
[BlackElo "2135"]
[PlyCount "94"]
[EventDate "2008.02.28"]
[EventType "swiss"]
[EventRounds "9"]
[EventCountry "GER"]
[SourceTitle "EXT 2019"]
[Source "ChessBase"]
[SourceDate "2018.10.10"]
[SourceVersion "1"]
[SourceVersionDate "2018.10.10"]
[SourceQuality "1"]

1. e4 e5 2. d4 exd4 3. Qxd4 Nc6 4. Qe3 d6 5. Bd2 Nf6 6. Nc3 g6 7. 0-0-0 Bg7 8. h3 0-0 9. f4 Re8 10. Qf2 Nxe4 11. Nxe4 Rxe4 12. Bd3 Re8 13. Ne2 d5 14. g4 a5 15. Bc3 Nb4 16. Bxg7 Kxg7 17. a3 Nxd3+ 18. Rxd3 c6 19. Ng3 b5 20. g5 Be6 21. Ne4 dxe4 22. Rxd8 Rexd8 23. h4 Bg4 24. h5 gxh5 25. f5 Rd5 26. f6+ Kg6 27. Qf4 Bf3 28. Rg1 Rad8 29. b3 Re8 30. Kb2 Bg4 31. Re1 Rf5 32. Qd6 Re6 33. Qf8 Kxg5 34. Qg7+ Kf4 35. Qxf7 Rfxf6 36. Qc7+ Kg5 37. Qxh7 e3 38. Qg8+ Rg6 39. Qd8+ Rgf6 40. a4 e2 41. axb5 cxb5 42. Qd5+ Kh6 43. Qxb5 Rf5 44. Qc4 Rfe5 45. Qf4+ Kg7 46. Qc4 Kf7 47. Qf4+ Ke7 1/2-1/2

[Event "Bad Woerishofen Seniors op 24th"]
[Site "Bad Woerishofen"]
[Date "2008.03.01"]
[Round "3"]
[White "Weigel, Herbert"]
[Black "Ziltener, Werner"]
[Result "1-0"]
[WhiteElo "2135"]
[BlackElo "2115"]
[PlyCount "121"]
[EventDate "2008.02.28"]
[EventType "swiss"]
[EventRounds "9"]
[EventCountry "GER"]
[SourceTitle "EXT 2019"]
[Source "ChessBase"]
[SourceDate "2018.10.10"]
[SourceVersion "1"]
[SourceVersionDate "2018.10.10"]
[SourceQuality "1"]

1. e4 e5 2. Nf3 Nc6 3. Bb5 a6 4. Ba4 Nf6 5. d4 b5 6. Bb3 exd4 7. 0-0 Be7 8. e5 Ne4 9. Bd5 Nc5 10. Nxd4 Bb7 11. Nf5 0-0 12. Re1 Ne6 13. Nc3 Rb8 14. Qg4 g6 15. Bh6 Re8 16. Rad1 Kh8 17. Bxe6 fxe6 18. Ng7 Bf8 19. Nxe8 Bxh6 20. Nf6 Nxe5 21. Qh4 Ng4 22. Rxe6 Nxf6 23. Qxf6+ Qxf6 24. Rxf6 Kg7 25. Rf3 Bxf3 26. Rxd7+ Kg8 27. gxf3 Bf4 28. Nd5 Be5 29. c3 c5 30. Ne7+ Kh8 31. Nc6 Re8 32. Rd5 Bf6 33. Kf1 c4 34. Rd6 Bg5 35. Nd4 Bd2 36. Ne2 Bg5 37. Rxa6 Rd8 38. Nd4 Bc1 39. b3 cxb3 40. axb3 Bb2 41. Nxb5 Rb8 42. c4 Be5 43. h3 Rd8 44. Re6 Bf4 45. Re4 g5 46. Rd4 Ra8 47. Rd7 Ra1+ 48. Kg2 Rb1 49. Rd3 Kg7 50. c5 Be5 51. Nd6 Kf6 52. Nc4 Bf4 53. c6 Ke6 54. Rc3 Bc7 55. Re3+ Kf6 56. Rd3 Ke6 57. Rd7 Bf4 58. Rxh7 Rxb3 59. c7 Bxc7 60. Rxc7 Rc3 61. Rc8 1-0

[Event "Chiemgau Seniors Cup 3th"]
[Site "Bergen"]
[Date "2007.10.28"]
[Round "7"]
[White "Weigel, Herbert"]
[Black "Koenigl, Anton"]
[Result "1-0"]
[WhiteElo "1967"]
[BlackElo "1741"]
[PlyCount "69"]
[EventDate "2007.10.22"]
[EventType "swiss"]
[EventRounds "9"]
[EventCountry "GER"]
[SourceTitle "EXT 2008"]
[Source "ChessBase"]
[SourceDate "2007.11.25"]
[SourceVersion "1"]
[SourceVersionDate "2007.11.25"]
[SourceQuality "1"]

1. e4 c5 2. Nf3 Nc6 3. d4 cxd4 4. Nxd4 Nf6 5. Nc3 e5 6. Ndb5 d6 7. Bg5 a6 8. Na3 Be7 9. Bxf6 Bxf6 10. Nc4 Nd4 11. Nd5 b5 12. Nce3 Bb7 13. c3 Ne6 14. a4 0-0 15. axb5 Nc5 16. f3 axb5 17. Bxb5 Bg5 18. Rxa8 Bxa8 19. Qe2 Ne6 20. g3 Qa5 21. 0-0 Rb8 22. Bc4 Qc5 23. b4 Qa7 24. Kg2 Rc8 25. Nf5 Bxd5 26. exd5 Nc7 27. Nxd6 Rd8 28. Ne4 Bh6 29. Rd1 Qb6 30. Qa2 Ra8 31. Qe2 Ne8 32. d6 Kf8 33. Qd3 Rd8 34. Qd5 Qa7 35. d7 1-0

[Event "Bad Woerishofen Seniors opA 23rd"]
[Site "Bad Woerishofen"]
[Date "2007.03.11"]
[Round "4"]
[White "Baum, Bernd"]
[Black "Weigel, Herbert"]
[Result "1-0"]
[WhiteElo "2179"]
[BlackElo "2130"]
[PlyCount "32"]
[EventDate "2007.03.08"]
[EventType "swiss"]
[EventRounds "9"]
[EventCountry "GER"]
[SourceTitle "EXT 2008"]
[Source "ChessBase"]
[SourceDate "2007.11.25"]
[SourceVersion "1"]
[SourceVersionDate "2007.11.25"]
[SourceQuality "1"]

1. e4 c5 2. Nc3 e6 3. g3 d5 4. exd5 exd5 5. d4 Nf6 6. Bg5 cxd4 7. Qxd4 Be7 8. Bg2 Nc6 9. Qa4 Bd7 10. 0-0-0 Nb4 11. Qb3 a5 12. Bxf6 a4 13. Qxb4 Bxb4 14. Bxd8 Rxd8 15. Nge2 a3 16. Bxd5 0-0 1-0

[Event "Mittelfrankenliga-B1 0607"]
[Site "Mittelfranken"]
[Date "2007.02.11"]
[Round "6.3"]
[White "Walter, Thomas"]
[Black "Weigel, Herbert"]
[Result "1-0"]
[WhiteElo "2046"]
[BlackElo "1947"]
[PlyCount "83"]
[EventDate "2006.10.22"]
[EventType "team-tourn"]
[EventRounds "9"]
[EventCountry "GER"]
[SourceTitle "EXT 2011"]
[Source "ChessBase"]
[SourceDate "2010.11.26"]
[SourceVersion "1"]
[SourceVersionDate "2010.11.26"]
[SourceQuality "1"]
[WhiteTeam "Erlangen SC"]
[BlackTeam "Zirndorf II"]
[WhiteTeamCountry "GER"]
[BlackTeamCountry "GER"]

1. e4 c5 2. Nf3 d6 3. d4 cxd4 4. Nxd4 Nf6 5. Nc3 Nc6 6. Be3 e5 7. Nb3 Be7 8. f3 0-0 9. Qd2 Be6 10. 0-0-0 Rc8 11. g4 a5 12. Kb1 Nb4 13. a3 Nc6 14. h4 Nd7 15. Nd5 a4 16. Nc1 Nc5 17. Nxe7+ Qxe7 18. Qxd6 Qf6 19. Qxc5 Nd4 20. g5 Qxf3 21. Qxe5 Nc6 22. Bg2 Qxd1 23. Qxg7+ Kxg7 24. Rxd1 Rfd8 25. Rf1 Nd4 26. Rf2 b5 27. c3 Nc6 28. Bf1 Bc4 29. Bh3 Be6 30. Bxe6 fxe6 31. Rf6 Re8 32. Nd3 Nd8 33. Nf4 Rc6 34. Nh5+ Kg8 35. Rh6 Re7 36. Nf6+ Kf8 37. Nxh7+ Ke8 38. Nf6+ Kf8 39. Rh8+ Kf7 40. Rxd8 e5 41. Nd5 Rb7 42. h5 1-0

[Event "Mittelfrankenliga-B1 0607"]
[Site "Mittelfranken"]
[Date "2007.01.28"]
[Round "5.4"]
[White "Woerl, Richard"]
[Black "Weigel, Herbert"]
[Result "1-0"]
[WhiteElo "1929"]
[BlackElo "1947"]
[PlyCount "97"]
[EventDate "2006.10.22"]
[EventType "team-tourn"]
[EventRounds "9"]
[EventCountry "GER"]
[SourceTitle "EXT 2011"]
[Source "ChessBase"]
[SourceDate "2010.11.26"]
[SourceVersion "1"]
[SourceVersionDate "2010.11.26"]
[SourceQuality "1"]
[WhiteTeam "Nuernberg Sued SW II"]
[BlackTeam "Zirndorf II"]
[WhiteTeamCountry "GER"]
[BlackTeamCountry "GER"]

1. e4 c5 2. c3 Nf6 3. e5 Nd5 4. Bc4 e6 5. Nf3 Nc6 6. 0-0 d6 7. d4 Be7 8. Nbd2 cxd4 9. cxd4 0-0 10. Ne4 Qc7 11. Bg5 dxe5 12. dxe5 Nxe5 13. Bxd5 Nxf3+ 14. gxf3 exd5 15. Rc1 Qe5 16. Bxe7 Qxe7 17. Qxd5 Be6 18. Qe5 Rac8 19. f4 Qh4 20. f3 Bxa2 21. Nd6 Rc6 22. Nf5 Rg6+ 23. Kh1 Qh3 24. Ne7+ Kh8 25. Nxg6+ hxg6 26. Qe7 Rc8 27. Rxc8+ Qxc8 28. Rd1 Qh3 29. Qxb7 Bc4 30. Qe4 Bf1 31. Rd2 Bb5 32. Rf2 Kh7 33. f5 gxf5 34. Qe5 Bc6 35. Qg3 Qh5 36. h4 f6 37. Kg1 Qe8 38. Rg2 g6 39. Qc7+ Kh6 40. Qf4+ Kh7 41. h5 g5 42. Qxf5+ Kg8 43. Rc2 Bd7 44. Qg6+ Qxg6 45. hxg6 Bf5 46. Rc7 Bxg6 47. Rxa7 Bf7 48. b4 Bd5 49. b5 1-0

[Event "GER-ch Seniors 18th"]
[Site "Dresden"]
[Date "2006.07.29"]
[Round "8"]
[White "Huhn, Ulrich"]
[Black "Weigel, Herbert"]
[Result "0-1"]
[WhiteElo "2004"]
[BlackElo "2131"]
[PlyCount "114"]
[EventDate "2006.07.22"]
[EventType "swiss"]
[EventRounds "9"]
[EventCountry "GER"]
[SourceTitle "CBM 113 Extra"]
[Source "ChessBase"]
[SourceDate "2006.09.14"]
[SourceVersion "1"]
[SourceVersionDate "2006.09.14"]
[SourceQuality "1"]

1. d4 g6 2. Nc3 Bg7 3. Nf3 c5 4. e4 cxd4 5. Nxd4 d6 6. Bb5+ Nd7 7. Be3 Ngf6 8. 0-0 0-0 9. f4 Nc5 10. Bd3 Ng4 11. Qe2 Nxe3 12. Qxe3 a6 13. Kh1 Bd7 14. Bc4 e6 15. Nb3 Rc8 16. Be2 Qe7 17. Rad1 Bxc3 18. bxc3 Na4 19. c4 b5 20. Qd4 bxc4 21. Bxc4 Bb5 22. Bxb5 axb5 23. Rd2 Rfd8 24. Rfd1 Nc3 25. Ra1 Rc4 26. Qb6 Nxe4 27. Rd4 Rdc8 28. Rxc4 Rxc4 29. Qxb5 Rxc2 30. Qb8+ Kg7 31. Nd4 Rf2 32. Nf3 Qf6 33. Re1 Qxf4 34. Qb3 d5 35. a4 Ng5 36. Ng1 Qg4 37. Qg3 Qxg3 38. hxg3 Ra2 39. Rd1 Rxa4 40. Kh2 Ne4 41. Nf3 h5 42. Rb1 Ra3 43. Rb7 Kf6 44. Rc7 Ra1 45. Rc2 Rf1 46. Ng1 Nf2 47. Rc3 Ng4+ 48. Kh1 Nf2+ 49. Kh2 Ne4 50. Re3 Rd1 51. Ne2 Ke7 52. Ra3 Nf2 53. Ng1 d4 54. Rf3 Ng4+ 55. Kh1 Ne5 56. Rb3 d3 57. Rb5 d2 0-1

[Event "GER-ch Seniors 18th"]
[Site "Dresden"]
[Date "2006.07.27"]
[Round "6"]
[White "Richter, Hildegard"]
[Black "Weigel, Herbert"]
[Result "0-1"]
[WhiteElo "1950"]
[BlackElo "2131"]
[PlyCount "86"]
[EventDate "2006.07.22"]
[EventType "swiss"]
[EventRounds "9"]
[EventCountry "GER"]
[SourceTitle "CBM 113 Extra"]
[Source "ChessBase"]
[SourceDate "2006.09.14"]
[SourceVersion "1"]
[SourceVersionDate "2006.09.14"]
[SourceQuality "1"]

1. c4 e5 2. Nc3 d6 3. e3 f5 4. Be2 Nf6 5. d4 c6 6. dxe5 dxe5 7. Qc2 g6 8. b3 Be6 9. Nf3 Nbd7 10. Bb2 Bg7 11. Ba3 e4 12. Nd4 Bf7 13. 0-0 a6 14. Rad1 Bf8 15. Bxf8 Kxf8 16. Qb2 Qc7 17. f4 exf3 18. Rxf3 Qe5 19. Qd2 Kg7 20. Rh3 h5 21. Nf3 Qe7 22. Ng5 Rhe8 23. Nxf7 Kxf7 24. Bd3 Nc5 25. Be2 Rad8 26. Qc1 Rxd1+ 27. Qxd1 Rd8 28. Qc2 Qd6 29. Nb1 Qe5 30. b4 Nce4 31. Rh4 Ng4 32. Qc1 Qa1 33. h3 Nc3 34. Qxc3 Qxb1+ 35. Bf1 Rd1 36. hxg4 Rxf1+ 37. Kh2 fxg4 38. Qd2 Qf5 39. Qd6 Qf2 40. Qd7+ Kg8 41. Qd8+ Kg7 42. Qd7+ Kh6 43. Qd8 g3+ 0-1